| 000 | 01351nam a2200217Ia 4500 | ||
|---|---|---|---|
| 003 | Ost | ||
| 005 | 20260507075409.0 | ||
| 008 | 260507s9999||||xx |||||||||||||| ||und|| | ||
| 040 | _cfsecg | ||
| 041 | _aara | ||
| 082 | _a330 | ||
| 100 |
_aالراوي، خالد وهيب _eمؤلف |
||
| 245 | 0 |
_aالعمليات المصرفية الخارجية / _c خالد وهيب الراوي |
|
| 260 |
_aعمان: _bدار المناهج, _c2009 |
||
| 300 |
_a470 صفحة؛ _bإيضاحات ؛ _c24 سم |
||
| 520 | _aيضم أنواع المصارف ووظائفها، المفاهيم الحديثة في استخدامات الأموال في المصارف التجارية، طبيعة العمليات المصرفية الدولية، المعاملات مع البنوك الخارجية، الكنالات المصرفية، الإعتمادات المستندية، الحوالات الخارجية والسحوبات المستندية، البطاقات البلاستيكية والبطاقات الذكية، التحدي الدولي للمصارف، صندوق النقد الدولي والبنك الدولي، العملة الأوروبية الموحدة ، الخيارات، نظام swift | ||
| 653 | _aالبنوك | ||
| 653 | _aالبنوك التجارية | ||
| 653 | _aالبنوك الدولية | ||
| 942 | _cكتاب | ||
| 999 |
_c44363 _d44363 |
||